| 000 | 00802nam a2200205Ia 4500 | ||
|---|---|---|---|
| 003 | GCL | ||
| 008 | 140319s9999 xx 000 0 ara d | ||
| 040 |
_aGCL / _cGCL |
||
| 082 | 0 | 4 |
_a339.3 _bع ن |
| 100 | 1 | _aعبدالله مصلح النفيعى | |
| 245 | 1 | 0 |
_aنحو منهجية علمية لتخطيط التنمية الشاملة على المستوى الوطنى والاقليمى / _cعبدالله مصلح النفيعى |
| 700 | 1 | _aمحمد عبدالعال صالح (مراجعة) | |
| 490 |
_aالهيئة العامة للاستعلامات _v0 |
||
| 650 | 0 | 4 | _aالتخطيط الاقتصادى |
| 650 | 0 | 4 | _aالاستثمار |
| 650 | 0 | 4 | _aالتنمية الاقتصادية |
| 650 | 0 | 4 | _aالنفقات العامة |
| 650 | 0 | 4 | _aالدخل القومى |
| 942 |
_2ddc _cBK |
||
| 999 |
_c48044 _d48044 |
||